|
|
|
|
| LEADER |
02615nam a2200397 u 4500 |
| 001 |
10020698 |
| 003 |
upatras |
| 005 |
20241025133800.0 |
| 008 |
990304s1997 gr a gre d |
| 020 |
|
|
|a 9607057155
|
| 040 |
|
|
|a GR-PaULI
|b gre
|c GR-PaULI
|e AACR2
|
| 041 |
0 |
|
|a gre
|
| 082 |
0 |
4 |
|2 22
|a 371.42
|
| 100 |
1 |
|
|a Τσολακίδου, Ελένη Γ.,
|d 1952-
|e συγγραφέας
|9 144897
|
| 245 |
1 |
3 |
|a Οι επαγγελματικές προτιμήσεις των εφήβων /
|c Ελένη Τσολακίδου ; επιμέλεια έκδοσης Άγγελος Σιδεράτος.
|
| 260 |
|
|
|a Χαλάνδρι :
|b Προσκήνιο,
|c 1997.
|
| 300 |
|
|
|a 104 σ. :
|b σχήμ. ;
|c 22 εκ.
|
| 490 |
1 |
|
|a Πολιτική και ιστορία ;
|v 15
|
| 504 |
|
|
|a Περιλαμβάνει βιβλιογραφικές παραπομπές.
|
| 650 |
|
4 |
|a Επαγγελματικός προσανατολισμός
|9 1027
|
| 650 |
|
4 |
|9 55719
|a Εκπαιδευτική συμβουλευτική
|
| 700 |
1 |
|
|a Σιδεράτος, Άγγελος
|e επιμελητής
|9 31219
|
| 830 |
|
0 |
|9 158956
|a Πολιτική και ιστορία (Προσκήνιο)
|v 15
|
| 852 |
|
|
|a GR-PaULI
|b ΠΑΤΡΑ
|b ΒΚΠ
|b ΒΣ1
|k ΑΣΧΕ
|h 371.42 ΤΣΟ
|m 041281
|p 025000004390
|t 1
|
| 852 |
|
|
|a GR-PaULI
|b ΠΑΤΡΑ
|b ΒΚΠ
|b ΒΣ1
|k ΑΣΧΕ
|h 371.42 ΤΣΟ
|m 045555
|p 025000058951
|t 2
|
| 852 |
|
|
|a GR-PaULI
|b ΠΑΤΡΑ
|b ΒΚΠ
|b ΒΣ1
|k ΑΣΧΕ
|h 371.42 ΤΣΟ
|m 081275
|p 025000116709
|t 5
|
| 852 |
|
|
|a GR-PaULI
|b ΠΑΤΡΑ
|b ΠΤΔΕ
|k ΑΣΧΕ
|h 371.42 ΤΣΟ
|m 5541α
|p 025000004391
|t 3
|
| 852 |
|
|
|a GR-PaULI
|b ΠΑΤΡΑ
|b ΠΤΔΕ
|k ΑΣΧΕ
|h 371.42 ΤΣΟ
|m 5541β
|p 025000058941
|t 4
|
| 942 |
|
|
|2 ddc
|c BK15
|
| 952 |
|
|
|0 0
|1 0
|4 0
|6 371_420000000000000_ΤΣΟ
|7 0
|9 180765
|a LISP
|b LISP
|c BSC
|d 2016-04-24
|i 041281
|l 0
|o 371.42 ΤΣΟ
|p 025000004390
|r 2016-04-24 00:00:00
|t 1
|w 2016-04-24
|y BK15
|
| 952 |
|
|
|0 0
|1 0
|4 0
|6 371_420000000000000_ΤΣΟ
|7 0
|9 180766
|a LISP
|b LISP
|c BSC
|d 2016-04-24
|i 045555
|l 0
|o 371.42 ΤΣΟ
|p 025000058951
|r 2016-04-24 00:00:00
|t 2
|w 2016-04-24
|y BK15
|
| 952 |
|
|
|0 0
|1 0
|4 0
|6 371_420000000000000_ΤΣΟ
|7 0
|9 180767
|a LISP
|b LISP
|c BSC
|d 2016-04-24
|i 081275
|l 0
|o 371.42 ΤΣΟ
|p 025000116709
|r 2016-04-24 00:00:00
|t 5
|w 2016-04-24
|y BK15
|
| 952 |
|
|
|0 0
|1 0
|4 0
|6 371_420000000000000_ΤΣΟ
|7 0
|9 180768
|a PTDE
|b PTDE
|d 2016-04-24
|i 5541α
|l 0
|o 371.42 ΤΣΟ
|p 025000004391
|r 2016-04-24 00:00:00
|t 3
|w 2016-04-24
|y BK15
|
| 952 |
|
|
|0 0
|1 0
|4 0
|6 371_420000000000000_ΤΣΟ
|7 0
|9 180769
|a PTDE
|b PTDE
|d 2016-04-24
|i 5541β
|l 0
|o 371.42 ΤΣΟ
|p 025000058941
|r 2016-04-24 00:00:00
|t 4
|w 2016-04-24
|y BK15
|
| 998 |
|
|
|c ΔΡΑΚΟΠΟΥΛΟΥ
|d 1999-03
|
| 999 |
|
|
|c 111758
|d 111758
|